LEADER 01105nam a2200253 i 4500 001 000000165585 003 CaOOAMICUS 005 20071022000000.0 008 071022s1972 it u000 u ita u 013 $a142953 040 $aSeMil$bita 100 1 $aGrassi, Liliana.$0(OLS)http://semarc/name/29311 245 13$aLo Spedale dei poveri del Filarete :$bstoria e restauro /$cLiliana Grassi. 260 $aMilano :$bUniversità degli Studi,$ccopyr. 1972. 300 $a156 p., [322] p. di tav. :$bill. ;$c31 cm. 500 $aFondo Card. Giovanni Colombo. - In custodia. 650 4$aArchitettura - Restauro - Milano - Sec. 20.$0(OLS)http://semarc/subject/31410 650 4$aMilano - Ospedale dei poveri.$0(OLS)http://semarc/subject/31411 850 $aSeMil 852 $aSeMil$W1$xVenegono$y1$m5K IX 16$j116772$B116772$CSeMilBibl$Z2$F127715 $8I 941 1 $a3 961 $aLascito: Colombo Card. Giovanni 996 $6245$aLo Spedale dei poveri del Filarete :$bstoria e restauro$9(OLS)http://semarc/title/89685 996 $6260$aMilano :$bUniversità degli Studi$9(OLS)http://semarc/publisher/46886 LEADER 00898nam a2200217 i 4500 001 000000241263 003 CaOOAMICUS 005 20150427000000.0 008 150427s1805 it u000 u ita u 013 $a220168 026 $aino. ero. u-o, tren (3) 1805 (A) 040 $aSeMil$bita 245 10$aParte prima in cui si spiegano i tre comandamenti della prima tavola. Tomo 3. 300 $a346, [2] p. 500 $aSegn. : A-X8 Y6. 773 0 $tSacro decalogo spiegato al popolo con brevi famigliari discorsi opera utilissima ... Parte 1. [-3.].$dVicenza : Nella Stamperia Parise, 1804-1808.$g3$w()31805 850 $aSeMil 852 $aSeMil$W1$xVenegono$y1$m3F I 60 FA$j191609$B191609$CSeMilBibl$Z2$F202408 $8I 941 1 $a10 961 $aRecupero: Mantegazza 996 $6245$aParte prima in cui si spiegano i tre comandamenti della prima tavola. Tomo 3$9(OLS)http://semarc/title/342959